Les meilleurs buteurs sur coup-franc en Champions League depuis 2003 - Statistiques

Statistiques générales
  • Ce quiz a été pris 76 fois
  • Le résultat moyen est 5 sur 10
Statistiques - réponses
Classement Nationalité Nombre de buts Joueurs % Correct
1 Portugal 12 buts Cristiano Ronaldo
100%
5 Argentine 5 buts Lionel Messi
97%
3 Brésil 5 buts Neymar
90%
2 Brésil 10 buts Juninho
81%
4 Italie 5 buts Andrea Pirlo
71%
7 Italie 4 buts Alessandro Del Piero
51%
9 Brésil 3 buts Alex
7%
6 Brésil 4 buts Willian
7%
10 Allemagne 3 buts Leroy Sané
4%
8 Espagne 4 buts Alejandro Grimaldo
0%
Aucun quiz correspondant
Distribution des résultats
% des personnes avec chaque résultat
Percentile par nombre de réponses
Votre historique - résultats
Vous n’avez pas pris ce quiz